00726 a2200205 450000100060000002000180000604000220002410000190004624000250006524500200009030000080011036200090011844000120012765000230013994200070016295201140016995201100028395201100039399900170050368196 a85-16-08454-7 cAnchieta - Pituba aVieira, Isabel10aE agora, mãe?lpor10aE agora, mãe? a1420 a2013 1aModerna 4aLiteratura juvenil cBK 00104070a91.1b91.1d2023-11-21l0oLJ 028.5 V657e VIE EAGp23579/PITr2023-11-21 18:36:14w2023-11-21yBK 00102ddc4070a57.2b57.2d2024-05-09l0pnt525r2024-05-09 18:04:41w2024-05-09yBKzEstante amarelau 00102ddc4070a57.2b57.2d2024-05-09l0pnt526r2024-05-09 18:05:08w2024-05-09yBKzEstante amarelau c68196d68196